000 01746nkm a22002657a 4500
001 85812
005 20260417135419.0
007 kh bo
008 260416s1885 sp ||||| |||| |0| i|spa d
040 _aM-RABA
_bspa
_cM-RABA
245 0 1 _a[Monumento a Antonio Cánovas del Castillo]
_h[Material gráfico]
260 _c[ca. 1885]
300 _a1 fotografía
_b: albúmina
_c: 21,5 x 17,5 cm
500 0 0 _aFotografía que representa uno de los monumentos a Antonia Cánovas del Castillo para la confluencia de las calles Alcalá y Velázquez en Madrid.
500 0 0 _aGrabado dentro del relieve escultórico: "Al Exmo. S. D. Antonio Cánovas del Castillo, gobernador y artista supremo que terminó un absurdo expediente de 14 años y abrió la hermosa confluencia de la Calle Alcalá y Velázquez; en testimonio de admiración y gratitud: el Marqués de Zafra". En una de las orlas decorativas: "21 agosto 1885". En dos inscripciones al pie del monumento: "Julio de Saracibar, Arquitecto: proyecto" y "J. Morato, cinceló"
500 0 0 _aLa imagen se encuentra en un estado de conservación regular. La albúmina carece de soporte secundario por lo que se encuentra curvada y presenta varios desgarros y dobleces a lo largo de la superficie.
500 0 0 _aFecha tomada de la inscripción del propio relieve.
600 1 7 _aSaracíbar, S. Julio de
_98641
600 1 7 _aCánovas del Castillo, Antonio (
_d1828-1897)
_95499
651 7 _aMadrid (Comunidad Autónoma)
_2embne
_975223
655 7 _aFotografías de obras de arte
_975675
852 _jFot-656
856 _uhttps://archivoybiblioteca.realacademiabellasartessanfernando.com/cgi-bin/koha/opac-retrieve-file.pl?id=38b2c99c3b49e29052ea5a2f6c2b13d8
_yFot-656
942 _cFOTOGRAFÍA
_n0
999 _c85812
_d85812